000 00344nam a2200145Ia 4500
008 240624s9999 xx 000 0 und d
041 _aeng
082 _a658.3 MUR
100 _aMURTON ADRIAN
245 _aHUMAN RESOURCE MANAGEMENT
250 _a11
260 _c2011
_aNew Delhi
_bViva
300 _a426 : p. : cm. ; 24
365 _cRS
_b33.5
999 _c17914
_d17914